ATB OF INORGANIC PHARMACEUTICAL MEDICINAL CHEMISTRY (Record no. 32360)

000 -LEADER
fixed length control field 00348nam a2200133Ia 4500
008 - FIXED-LENGTH DATA ELEMENTS--GENERAL INFORMATION
fixed length control field 201121s9999 xx 000 0 und d
020 ## - INTERNATIONAL STANDARD BOOK NUMBER
International Standard Book Number 9788185731605
082 ## - DEWEY DECIMAL CLASSIFICATION NUMBER
Classification number 615.5
Item number QUD-A
100 ## - MAIN ENTRY--PERSONAL NAME
Personal name QUDRY S.Z
245 #0 - TITLE STATEMENT
Title ATB OF INORGANIC PHARMACEUTICAL MEDICINAL CHEMISTRY
260 ## - PUBLICATION, DISTRIBUTION, ETC.
Name of publisher, distributor, etc. CBS PUBLISERS & DISTRIBUTORS
300 ## - PHYSICAL DESCRIPTION
Extent 286
942 ## - ADDED ENTRY ELEMENTS (KOHA)
Koha item type Book

No items available.

All Rights Reserved@MUIT

Powered by Koha